01517nam a2200301 i 4500001001000000003000900010005001700019007000300036008004100039040003000080041000800110082002400118100005500142245006000197264008600257300002700343336002900370337003300399338002800432505037600460650002800836650003700864650003200901910003700933942001400970952021400984999001701198000011936DO-SdBNP20241216085159.0ta091102s1941 dr 000 p spa d aDO-SdBNPbspacBNPHUerda aspa 4aRD861.42bM539m2221 aCastro Noboa, H. B. de,d1911-eautor4aut.92821710aPoemas de la ternura infinita /cH. B. de Castro Noboa. 1aSantiago de los Caballeros, República Dominicana :bEditorial El Diario,c1941. a94 páginas ;c20 cm. atexto btxt2rdacontent  asin mediaciónbn2rdamedia avolumenbnc2rdacarrier aOfrecimiento.-- Clemencia Isauro.-- Poema de la espera.-- Orto.-- La gloria.-- Alfarera.-- Renuevo.-- Intimo florecimiento.-- Musa nueva.-- Dormir de ángel.-- Alba de trinos.-- Vigilia junto a tu cuna.-- La primera palabra.-- Mi hora azul.-- En tu primer noche de reyes.-- El surtidor de tu sonrisa.-- Canción para dormirte.-- Retoño de amor.-- Te presiento adulta. 4aPoesía dominicana966 7aLiteratura dominicana.9672LEMB 7aLiteratura dominicana2LEMB aValidado. Control de calidad MFF 2ddccLBS1 00102ddc51708RVaBNPHUbBNPHUcHDd2009-11-02l0oBNPHU PD-RV RD861.42 M539mp11936-10r2020-06-25w2020-06-25yLBS1zPerteneció a la biblioteca personal de Federico Henríquez y Carvajal.ZNo se presta c11606d11606